00346pab a2200133 454500008004000000100002100040245004600061260000900107300000800116362001000124650003600134650002800170773001400198180718b1997 xxu||||| |||| 00| 0 eng d aNegi, Thakur Sen aBest option: move for national government c1997 ap.8 a2 Jan aIndia - Politics and government aPolitics and government aStatesman